Harrison Principios de Medicina Interna (Registro nro. 4064)

Detalles MARC
000 -CABECERA
campo de control de longitud fija 01565nam a2200289Ia 4500
003 - IDENTIFICADOR DEL NÚMERO DE CONTROL
campo de control AR-RoIUNI
005 - FECHA Y HORA DE LA ÚLTIMA TRANSACCIÓN
campo de control 20241122062721.0
008 - DATOS DE LONGITUD FIJA--INFORMACIÓN GENERAL
campo de control de longitud fija 150616s9999 xx 000 0 und d
020 ## - NÚMERO INTERNACIONAL ESTÁNDAR DEL LIBRO
Número Internacional Estándar del Libro 970105167x
Información calificativa (v.2.)
020 ## - NÚMERO INTERNACIONAL ESTÁNDAR DEL LIBRO
Número Internacional Estándar del Libro 9701051653
Información calificativa (o.c.)
040 ## - FUENTE DE LA CATALOGACIÓN
Centro/agencia transcriptor AR-RoIUNI
040 ## - FUENTE DE LA CATALOGACIÓN
Centro/agencia modificador OCLC
Centro/agencia transcriptor AR-RoIUNI
080 ## - NÚMERO DE LA CLASIFICACIÓN DECIMAL UNIVERSAL
Número de la Clasificación Decimal Universal 616 HAR
245 1# - MENCIÓN DE TÍTULO
Título Harrison Principios de Medicina Interna
Número de parte o sección de la obra Volumen 2
245 ## - MENCIÓN DE TÍTULO
Mención de responsabilidad, etc. Kasper, Dennis L.; ed. Fauci, Anthony S.; ed. Braunwald, Eugene; ed.
250 ## - MENCIÓN DE EDICIÓN
Mención de edición 16a. ed.
260 ## - PUBLICACIÓN, DISTRIBUCIÓN, ETC. (PIE DE IMPRENTA)
Lugar de publicación, distribución, etc. México
260 ## - PUBLICACIÓN, DISTRIBUCIÓN, ETC. (PIE DE IMPRENTA)
Nombre del editor, distribuidor, etc. McGraw-Hill Interamericana
260 ## - PUBLICACIÓN, DISTRIBUCIÓN, ETC. (PIE DE IMPRENTA)
Fecha de publicación, distribución, etc. c2006
300 ## - DESCRIPCIÓN FÍSICA
Extensión 1441 - 2872 p.
300 ## - DESCRIPCIÓN FÍSICA
Dimensiones 28 cm.
505 0# - NOTA DE CONTENIDO CON FORMATO
Nota de contenido con formato Volumen 1<br/>Parte 1. Introducción a la medicina clínica<br/>Parte 2. Sintomas principales y cuadro inicial de las enfermedades<br/>Parte 3. La genética y las enfermedades<br/>Parte 4. Nutrición<br/>Parte 5. Oncología y hematología<br/>Parte 6. Enfermedades infecciosas<br/>Parte 7. Bioterrorismo y medicina clínica<br/>Volumen 2<br/>Parte 8. Enfermedades del aparato cardiovascular<br/>Parte 9. Enfermedades del aparato respiratorio<br/>Parte 10. Atención de enfermos en estado crítico<br/>Parte 11. Trastornos del riñón y las vías urinarias<br/>Parte 12. Enfermedades de las vías gastrointestinales<br/>Parte 13. Trastornos del sistema Inmunitario, el tejido conectivo y las articulaciones<br/>Parte 14. Endocrinología y metabolismo<br/>Parte 15. Trastornos neurológicos<br/>Parte 16. Intoxicaciones, sobredosis medicamentosas y envenenamientos
650 10 - PUNTO DE ACCESO ADICIONAL DE MATERIA--TÉRMINO DE MATERIA
Término de materia o nombre geográfico como elemento inicial Medicina
9 (RLIN) 58
650 10 - PUNTO DE ACCESO ADICIONAL DE MATERIA--TÉRMINO DE MATERIA
9 (RLIN) 218
Término de materia o nombre geográfico como elemento inicial Medicina interna
700 1# - PUNTO DE ACCESO ADICIONAL--NOMBRE DE PERSONA
9 (RLIN) 305
Nombre de persona Harrison, Tinsley R.
942 ## - ELEMENTOS DE PUNTO DE ACCESO ADICIONAL (KOHA)
Tipo de ítem Koha Libros
Fuente del sistema de clasificación o colocación Clasificación Decimal Universal
Existencias
Estado de retiro Estado de pérdida Fuente del sistema de clasificación o colocación Estado dañado Excepción de préstamo Código de colección Localización permanente Ubicación/localización actual Ubicación en estantería Fecha de adquisición Número de inventario Total de préstamos Signatura topográfica completa Código de barras Fecha visto por última vez Fecha del último préstamo Precio válido a partir de Tipo de ítem Koha
    Clasificación Decimal Universal     Medicina BIBLIOTECA CENTRAL BIBLIOTECA CENTRAL BIBLIOTECA CENTRAL 06/11/2018 4417 11 616 HAR 4417c 11/10/2022 11/10/2022 06/11/2018 Libros